[Event "España ch sub-14 2012"]
[Site "Salobreña ESP"]
[Date "2012.07.13"]
[Round "7.17"]
[White "Mandado Castelany, Marco"]
[Black "Serra Canals, Oriol"]
[Result "0-1"]
[WhiteElo "1634"]
[BlackElo "1775"]
[PlyCount "166"]
[EventDate "2012.07.09"]
[EventType "swiss"]
[EventRounds "9"]
[EventCountry "ESP"]
[Source "lmi"]
[SourceDate "2012.07.09"]

1. e4 e5 2. Nf3 Nc6 3. Bc4 Nf6 4. d3 h6 5. c3 d6 6. h3 g6 7. Be3 Bg7 8. O-O O-O
9. Nbd2 Bd7 10. Re1 Na5 11. Rc1 Qe7 12. b4 Nxc4 13. Nxc4 Be6 14. Ncxe5 dxe5 15.
Bc5 Qd8 16. Bxf8 Qxf8 17. a3 Ne8 18. Nd2 Rd8 19. Qc2 Qd6 20. Nb3 b6 21. Rcd1
Qc6 22. c4 Nf6 23. Nc1 Qd7 24. Ne2 Nh7 25. Qc3 Ng5 26. h4 Nh7 27. Qc1 Qe7 28.
g3 g5 29. h5 Bg4 30. Kg2 Qf6 31. Qe3 Bxh5 32. Rh1 Bg4 33. f3 Be6 34. g4 Nf8 35.
Nc3 Ng6 36. Nd5 Bxd5 37. cxd5 Bf8 38. Rc1 Rd7 39. Rc6 Bd6 40. Rc4 Kg7 41. Rc6
Rd8 42. Rb1 Ra8 43. a4 a5 44. b5 Qf4 45. Qxf4 Nxf4+ 46. Kg3 Nxd3 47. Rc2 Rh8
48. Rh1 Nc5 49. Ra2 Kg6 50. Rhh2 Rh7 51. Rh5 Nd7 52. Rh1 h5 53. gxh5+ Rxh5 54.
Rxh5 Kxh5 55. Rh2+ Kg6 56. Kg4 Nf6+ 57. Kg3 Ng8 58. Kg4 Ne7 59. Rh5 f6 60. Rh8
f5+ 61. exf5+ Nxf5 62. Rg8+ Ng7 63. Rh8 Nf5 64. Rg8+ Kf6 65. Rxg5 Ne3+ 66. Kh4
Nxd5 67. Rg1 Kf5 68. Kh3 Kf4 69. Kg2 Bc5 70. Rh1 Nc3 71. Rh7 Nxa4 72. Rh4+ Ke3
73. Rxa4 Bb4 74. Ra1 Kd4 75. Rc1 Bc3 76. Kf2 Kd3 77. Rd1+ Kc2 78. Rd7 a4 79.
Rxc7 a3 80. Ra7 Kb2 81. Ke3 a2 82. f4 exf4+ 83. Kxf4 Bd4 0-1

[Event "España ch sub-14 2012"]
[Site "Salobreña ESP"]
[Date "2012.07.13"]
[Round "7.18"]
[White "Santos Ruiz, Miguel"]
[Black "Plazuelo Pascual, Juan"]
[Result "1/2-1/2"]
[WhiteElo "2106"]
[BlackElo "1703"]
[PlyCount "85"]
[EventDate "2012.07.09"]
[EventType "swiss"]
[EventRounds "9"]
[EventCountry "ESP"]
[Source "lmi"]
[SourceDate "2012.07.09"]

1. e4 c6 2. c4 d5 3. exd5 cxd5 4. cxd5 Nf6 5. Nc3 Nxd5 6. Nf3 Nc6 7. Bb5 Nxc3
8. bxc3 Bd7 9. O-O e6 10. d4 Be7 11. Re1 O-O 12. Bd3 Rc8 13. h4 Bxh4 14. Nxh4
Qxh4 15. Re3 f5 16. Rg3 Qe7 17. Bg5 Qd6 18. Bh6 Rf7 19. Qh5 e5 20. Bc4 Be6 21.
d5 Bxd5 22. Rd1 Ne7 23. Qxf7+ Kxf7 24. Rxg7+ Ke8 25. Bb5+ Kd8 26. Bg5 Rc5 27.
c4 a6 28. Ba4 b5 29. cxb5 axb5 30. Bb3 Ke8 31. Bxe7 Qh6 32. Bxc5 Qxg7 33. Bxd5
Qc7 34. Bd6 Qc2 35. Bb3 Qe4 36. Be6 Qc2 37. Re1 Qd2 38. Rxe5 Qxd6 39. Re1 Qd2
40. Kf1 Qd3+ 41. Kg1 Qd2 42. Kf1 Qd3+ 43. Kg1 1/2-1/2

[Event "España ch sub-14 2012"]
[Site "Salobreña ESP"]
[Date "2012.07.13"]
[Round "7.19"]
[White "Salagran Ferragut, Guillem"]
[Black "Rodriguez Dominguez, Miguel"]
[Result "1-0"]
[WhiteElo "1899"]
[BlackElo "1659"]
[PlyCount "145"]
[EventDate "2012.07.09"]
[EventType "swiss"]
[EventRounds "9"]
[EventCountry "ESP"]
[Source "lmi"]
[SourceDate "2012.07.09"]

1. e4 e5 2. Nf3 Nc6 3. Bb5 a6 4. Ba4 Nf6 5. d3 b5 6. Bb3 Be7 7. O-O O-O 8. c3
d6 9. Re1 Na5 10. Bc2 c5 11. Nbd2 Re8 12. Nf1 Bf8 13. Bg5 h6 14. Bh4 g6 15. d4
exd4 16. cxd4 g5 17. Bg3 Bg4 18. dxc5 dxc5 19. Qxd8 Raxd8 20. Bc7 Nc4 21. Bxd8
Rxd8 22. Rab1 Bxf3 23. gxf3 Ne5 24. Re3 c4 25. Rd1 Rb8 26. Ng3 Bc5 27. Re2
Nxf3+ 28. Kg2 Nh4+ 29. Kg1 Ng4 30. Nf5 Ng6 31. Red2 f6 32. Rd8+ Rxd8 33. Rxd8+
Kf7 34. Rd2 Nf4 35. Rd7+ Ke6 36. Rc7 Bf8 37. Rc6+ Kf7 38. Rxa6 Nh3+ 39. Kg2
Nf4+ 40. Kg3 h5 41. h3 Ne5 42. Ra7+ Ke6 43. Nd4+ Kd6 44. Nxb5+ Kc6 45. Nd4+ Kb6
46. Ra8 Bc5 47. Nf5 h4+ 48. Kh2 Nf3+ 49. Kh1 Bxf2 50. Rf8 Nh5 51. Kg2 Bc5 52.
Rh8 Ne1+ 53. Kf1 Nxc2 54. Rxh5 Nb4 55. Rh6 Nxa2 56. Rxf6+ Kb5 57. e5 Nb4 58. e6
Nd3 59. e7 Bxe7 60. Nxe7 Nxb2 61. Nd5 Kc5 62. Rf5 Kd4 63. Rxg5 Nd1 64. Ke2 Nb2
65. Kd2 c3+ 66. Nxc3 Nc4+ 67. Kc2 Ne3+ 68. Kb3 Nf1 69. Rg4+ Ke5 70. Rxh4 Kf5
71. Rh8 Nd2+ 72. Kc2 Nf3 73. Rf8+ 1-0

[Event "España ch sub-14 2012"]
[Site "Salobreña ESP"]
[Date "2012.07.13"]
[Round "7.20"]
[White "Soriano Gracia, Manuel"]
[Black "Ribera Cebolla, Marc"]
[Result "0-1"]
[WhiteElo "1638"]
[BlackElo "1883"]
[PlyCount "100"]
[EventDate "2012.07.09"]
[EventType "swiss"]
[EventRounds "9"]
[EventCountry "ESP"]
[Source "lmi"]
[SourceDate "2012.07.09"]

1. e4 c5 2. c3 d5 3. exd5 Qxd5 4. d4 Nf6 5. Nf3 e6 6. Be2 Nc6 7. O-O cxd4 8.
cxd4 Be7 9. Nc3 Qd8 10. Bf4 a6 11. Rc1 O-O 12. a3 Qa5 13. Qa4 Qb6 14. Rc2 Bd7
15. Qc4 Rac8 16. Na4 Qa7 17. Qd3 Nxd4 18. Be3 Bb5 19. Qxd4 Qxd4 20. Nxd4 Rxc2
21. Bxb5 axb5 22. Nxc2 bxa4 23. Rd1 Rc8 24. Nd4 Nd5 25. Rc1 Rxc1+ 26. Bxc1 Bf6
27. Nb5 Kf8 28. Kf1 Ke7 29. Ke2 Kd7 30. Kd3 g6 31. Nc3 Nxc3 32. bxc3 Kc6 33. c4
b5 34. cxb5+ Kxb5 35. Bd2 Be7 36. Bc1 Bc5 37. f3 e5 38. Bb2 f6 39. g4 Bd6 40.
h4 Kc5 41. f4 Kd5 42. fxe5 Bxe5 43. Bc1 f5 44. gxf5 gxf5 45. Bg5 h5 46. Ke3 Bd6
47. Bf6 Bxa3 48. Kf4 Ke6 49. Ba1 Bc1+ 50. Kg3 a3 0-1

[Event "España ch sub-14 2012"]
[Site "Salobreña ESP"]
[Date "2012.07.13"]
[Round "7.21"]
[White "Perez Tores, Juan Miguel"]
[Black "Mari Copa, Adria"]
[Result "1/2-1/2"]
[WhiteElo "1834"]
[BlackElo "1658"]
[PlyCount "60"]
[EventDate "2012.07.09"]
[EventType "swiss"]
[EventRounds "9"]
[EventCountry "ESP"]
[Source "lmi"]
[SourceDate "2012.07.09"]

1. e4 e5 2. Nf3 Nc6 3. Bb5 Bc5 4. O-O Nge7 5. c3 O-O 6. d4 exd4 7. cxd4 Bb6 8.
d5 Nb8 9. Bg5 f6 10. Bf4 Ng6 11. Bg3 d6 12. Qb3 a6 13. Bd3 Nd7 14. Nbd2 Nc5 15.
Qc3 Nxd3 16. Qxd3 Bd7 17. a4 Ne5 18. Bxe5 fxe5 19. Nc4 Ba7 20. b4 Qe8 21. Qc2
Qg6 22. Kh1 Qh5 23. Ng1 Rf7 24. Nb2 Raf8 25. f3 Qg6 26. Nd3 Bd4 27. Rae1 c6 28.
Qb3 Kh8 29. Nf2 Qh6 30. Ne2 Bxf2 1/2-1/2

[Event "España ch sub-14 2012"]
[Site "Salobreña ESP"]
[Date "2012.07.13"]
[Round "7.22"]
[White "Castellet Menchon, Cora"]
[Black "Perez Gisbert, Santiago"]
[Result "1-0"]
[WhiteElo "1823"]
[BlackElo "1623"]
[PlyCount "97"]
[EventDate "2012.07.09"]
[EventType "swiss"]
[EventRounds "9"]
[EventCountry "ESP"]
[Source "lmi"]
[SourceDate "2012.07.09"]

1. d4 f5 2. c4 Nf6 3. Nc3 d6 4. Nf3 g6 5. Bg5 Bg7 6. e3 O-O 7. Bd3 Qe8 8. Bxf6
Bxf6 9. Nd5 Qd8 10. Nxf6+ Rxf6 11. O-O Nd7 12. Bc2 Rf8 13. Re1 e5 14. dxe5 Nxe5
15. Qd5+ Nf7 16. e4 fxe4 17. Rxe4 Bf5 18. Re2 Bxc2 19. Rxc2 Rb8 20. Nd4 c6 21.
Qe4 Qf6 22. Rd1 Rfe8 23. Qd3 Ne5 24. Qa3 a6 25. Nb3 Qe6 26. Nd2 Nxc4 27. Rxc4
Qe2 28. Qb3 Kg7 29. Qc3+ Kg8 30. Qb3 Kg7 31. Rd4 Re6 32. Nf3 Rd8 33. h3 Rd7 34.
Re1 Qxe1+ 35. Nxe1 Rxe1+ 36. Kh2 Ree7 37. Qc3 Kg8 38. Rf4 Re8 39. Qd4 d5 40.
Rf3 Re4 41. Qf6 Re8 42. Kg3 d4 43. Rd3 c5 44. Qb6 Re5 45. b4 cxb4 46. Rxd4 Rf7
47. Rd8+ Kg7 48. Qd4 Rfe7 49. Qd1 1-0

[Event "España ch sub-14 2012"]
[Site "Salobreña ESP"]
[Date "2012.07.13"]
[Round "7.23"]
[White "Zhynguel Ramirez De Verger, Ale"]
[Black "Alonso Gonzalez, Miguel"]
[Result "1-0"]
[WhiteElo "1650"]
[BlackElo "1813"]
[PlyCount "67"]
[EventDate "2012.07.09"]
[EventType "swiss"]
[EventRounds "9"]
[EventCountry "ESP"]
[Source "lmi"]
[SourceDate "2012.07.09"]

1. d4 Nf6 2. Bf4 c5 3. e3 cxd4 4. exd4 Qb6 5. Nc3 d6 6. Rb1 g6 7. Nf3 Bg7 8. h3
Bd7 9. Be2 O-O 10. O-O a6 11. Re1 Nc6 12. Bf1 Rfe8 13. Be3 Qc7 14. Qd2 Bf5 15.
Bd3 Bxd3 16. Qxd3 Nb4 17. Qd2 Nbd5 18. Nxd5 Nxd5 19. c3 Qc4 20. a3 b5 21. Qe2
Qxe2 22. Rxe2 a5 23. Bd2 Rec8 24. Rc1 e6 25. b3 Rc6 26. c4 Rac8 27. cxd5 Rxc1+
28. Bxc1 Rxc1+ 29. Kh2 exd5 30. Re8+ Bf8 31. Rb8 Ra1 32. Rxb5 Rxa3 33. Rxd5 Be7
34. Nd2 1-0

[Event "España ch sub-14 2012"]
[Site "Salobreña ESP"]
[Date "2012.07.13"]
[Round "7.24"]
[White "Fernandez Mira, Alonso"]
[Black "Martin Carmona, Gaston Manuel"]
[Result "1-0"]
[WhiteElo "1626"]
[BlackElo "1810"]
[PlyCount "69"]
[EventDate "2012.07.09"]
[EventType "swiss"]
[EventRounds "9"]
[EventCountry "ESP"]
[Source "lmi"]
[SourceDate "2012.07.09"]

1. e4 e6 2. d4 d5 3. Nd2 dxe4 4. Nxe4 Nd7 5. Nf3 Ngf6 6. Bg5 Be7 7. Bd3 O-O 8.
O-O c5 9. Bxf6 Bxf6 10. Nxf6+ Qxf6 11. c3 b6 12. Be4 Rb8 13. Qc2 h6 14. Rfe1
Ba6 15. Qa4 Bc8 16. Qxa7 Qf4 17. Ne5 Rd8 18. Nc6 Rb7 19. Ne7+ Kf8 20. Bxb7 Bxb7
21. Qxb7 Kxe7 22. dxc5 bxc5 23. Qe4 Qb8 24. b4 Nf6 25. Qe5 Qxe5 26. Rxe5 cxb4
27. cxb4 Rb8 28. a3 Nd5 29. Ree1 Nc3 30. Kf1 f6 31. Rec1 Nd5 32. g3 Kd6 33. Ke2
e5 34. Rc5 e4 35. Rd1 1-0

[Event "España ch sub-14 2012"]
[Site "Salobreña ESP"]
[Date "2012.07.13"]
[Round "8.1"]
[White "Ucles Lirola, Moises"]
[Black "Suarez Gomez, Julio"]
[Result "1/2-1/2"]
[WhiteElo "1821"]
[BlackElo "2026"]
[PlyCount "123"]
[EventDate "2012.07.09"]
[EventType "swiss"]
[EventRounds "9"]
[EventCountry "ESP"]
[Source "lmi"]
[SourceDate "2012.07.09"]

1. e4 e6 2. d3 d5 3. Nd2 Nf6 4. Ngf3 c5 5. g3 Nc6 6. Bg2 Be7 7. O-O Qc7 8. Re1
b6 9. c3 Bb7 10. e5 Nd7 11. Qe2 O-O-O 12. Nb3 h6 13. a4 a5 14. d4 g5 15. h3
Rdg8 16. Rb1 Kb8 17. Be3 g4 18. hxg4 Rxg4 19. Nh2 Rg6 20. Bf4 h5 21. Nf3 Rhg8
22. Kh2 h4 23. Rh1 Qc8 24. Kg1 hxg3 25. fxg3 Ba6 26. Qe3 cxd4 27. cxd4 Nb4 28.
Rc1 Qd8 29. Bf1 Bxf1 30. Kxf1 Nf8 31. Qc3 Na2 32. Qd3 Nxc1 33. Nxc1 Qc7 34. Ne2
Nd7 35. Kf2 Qb7 36. Nc3 Ka8 37. Nb5 Nb8 38. Rc1 Rc8 39. Nd6 Bxd6 40. Rxc8 Qxc8
41. exd6 Qc4 42. Qxc4 dxc4 43. Ne5 Rg8 44. Nxc4 Nd7 45. Ne5 Nxe5 46. dxe5 Kb7
47. Ke3 Kc6 48. Kd4 b5 49. axb5+ Kxb5 50. Kc3 Rc8+ 51. Kb3 Rc5 52. Bg5 Rd5 53.
Bf6 Rd3+ 54. Ka2 a4 55. g4 Kb4 56. Be7 Kb5 57. g5 Kc6 58. Bf6 Rd5 59. Ka3 Kb5
60. Ka2 Rd3 61. Be7 Rd5 62. Bf6 1/2-1/2

[Event "España ch sub-14 2012"]
[Site "Salobreña ESP"]
[Date "2012.07.13"]
[Round "8.2"]
[White "Garriga Cazorla, Pere"]
[Black "Alvarez Nistal, David"]
[Result "1/2-1/2"]
[WhiteElo "2056"]
[BlackElo "1861"]
[PlyCount "59"]
[EventDate "2012.07.09"]
[EventType "swiss"]
[EventRounds "9"]
[EventCountry "ESP"]
[Source "lmi"]
[SourceDate "2012.07.09"]

1. d4 d5 2. Nf3 Nf6 3. c4 c6 4. Nc3 a6 5. Bg5 b5 6. cxd5 cxd5 7. e3 e6 8. Bd3
Nc6 9. O-O Be7 10. Ne5 Bd7 11. f4 Rc8 12. Qf3 Na5 13. f5 Nc4 14. Nxd7 Qxd7 15.
fxe6 fxe6 16. Qe2 O-O 17. Rac1 Nd6 18. Bxf6 Rxf6 19. Kh1 Rcf8 20. Rxf6 Rxf6 21.
e4 dxe4 22. Nxe4 Nxe4 23. Qxe4 Kf7 24. h3 g6 25. Re1 Qd5 26. b3 Qxe4 27. Bxe4
Bb4 28. Rd1 Rf2 29. a4 bxa4 30. bxa4 1/2-1/2

[Event "España ch sub-14 2012"]
[Site "Salobreña ESP"]
[Date "2012.07.13"]
[Round "8.3"]
[White "Portela Peleteiro, Alberto"]
[Black "Laiz Ibanez, Hector"]
[Result "1-0"]
[WhiteElo "1927"]
[BlackElo "1838"]
[PlyCount "83"]
[EventDate "2012.07.09"]
[EventType "swiss"]
[EventRounds "9"]
[EventCountry "ESP"]
[Source "lmi"]
[SourceDate "2012.07.09"]

1. e4 e5 2. Nf3 Nc6 3. Bb5 a6 4. Ba4 Nf6 5. d4 exd4 6. O-O b5 7. Bb3 Be7 8. Re1
d6 9. Bd5 Nxd5 10. exd5 Ne5 11. Nxd4 O-O 12. a4 b4 13. f4 c5 14. dxc6 Ng6 15.
Qf3 Bf6 16. Be3 Qc7 17. Nd2 Bxd4 18. Bxd4 Ne7 19. b3 Nxc6 20. Bb2 Bb7 21. Qg3
f6 22. Re2 Ne7 23. Rae1 Nf5 24. Qd3 Qc5+ 25. Kh1 Rac8 26. Ne4 Bxe4 27. Qxe4
Rfe8 28. Qxe8+ Rxe8 29. Rxe8+ Kf7 30. g4 Qd5+ 31. Kg1 Nh4 32. R8e7+ Kg6 33. f5+
Kh6 34. R1e2 Qd1+ 35. Kf2 Qh1 36. Kg3 g5 37. fxg6 Qf3+ 38. Kxh4 hxg6 39. Bxf6
Qxf6+ 40. Kg3 Qc3+ 41. R2e3 Qxc2 42. h4 1-0

[Event "España ch sub-14 2012"]
[Site "Salobreña ESP"]
[Date "2012.07.13"]
[Round "8.4"]
[White "Guerra Arrocha, Daniel"]
[Black "Bas Mas, Miguel"]
[Result "1-0"]
[WhiteElo "1825"]
[BlackElo "1927"]
[PlyCount "140"]
[EventDate "2012.07.09"]
[EventType "swiss"]
[EventRounds "9"]
[EventCountry "ESP"]
[Source "lmi"]
[SourceDate "2012.07.09"]

1. e4 c5 2. Nf3 e6 3. d4 cxd4 4. Nxd4 a6 5. c4 Nf6 6. Nc3 Qc7 7. a3 Nc6 8. Be3
Be7 9. Be2 d6 10. O-O O-O 11. f3 b6 12. Nc2 Bb7 13. Na4 Nd7 14. b4 Nce5 15. Rc1
Rac8 16. Nd4 Bd8 17. f4 Nc6 18. Nc3 Qb8 19. Nxc6 Bxc6 20. b5 axb5 21. Nxb5 Bxb5
22. cxb5 Nc5 23. Bxc5 dxc5 24. e5 Be7 25. Bc4 Rcd8 26. Qb3 Kh8 27. Rf3 Rd4 28.
Rcf1 Rfd8 29. g4 Qa8 30. g5 Qe4 31. Re3 Qf5 32. Ref3 Rd2 33. R3f2 Rxf2 34. Rxf2
Qg4+ 35. Qg3 Qd1+ 36. Kg2 Qe1 37. Qf3 Qc1 38. Qe4 g6 39. Be2 Qxa3 40. Qb7 Qa8
41. Qxa8 Rxa8 42. Bf3 Ra4 43. Kg3 Rb4 44. Rd2 Rxb5 45. Rd7 Bf8 46. Rxf7 Kg8 47.
Rc7 Rb3 48. Kf2 b5 49. Bg4 Rb2+ 50. Ke3 b4 51. Bxe6+ Kh8 52. Bc4 Rc2 53. Bd5
Rxh2 54. e6 Rh3+ 55. Bf3 b3 56. e7 Bxe7 57. Rxe7 c4 58. Rb7 h5 59. Rb4 Rh2 60.
Rxc4 h4 61. Rb4 b2 62. Be2 h3 63. Rxb2 Rg2 64. Rb1 Rh2 65. Kf3 Kg7 66. Rf1 Kf7
67. Rf2 Rh1 68. Kg3 Ke6 69. Rf1 Rxf1 70. Bxf1 Kd5 1-0

[Event "España ch sub-14 2012"]
[Site "Salobreña ESP"]
[Date "2012.07.13"]
[Round "8.5"]
[White "Lopez Rivera, Jesus"]
[Black "Perez Garcia, Alejandro"]
[Result "0-1"]
[WhiteElo "1800"]
[BlackElo "1902"]
[PlyCount "50"]
[EventDate "2012.07.09"]
[EventType "swiss"]
[EventRounds "9"]
[EventCountry "ESP"]
[Source "lmi"]
[SourceDate "2012.07.09"]

1. e4 c6 2. d4 d5 3. e5 Bf5 4. h4 h6 5. g4 Be4 6. f3 Bh7 7. Be3 Qb6 8. Qc1 e6
9. Nd2 c5 10. c3 Nc6 11. Nb3 c4 12. Nd2 Nxe5 13. Bf2 Nd3+ 14. Bxd3 Bxd3 15. f4
Nf6 16. g5 hxg5 17. fxg5 Ne4 18. Ngf3 Bd6 19. b3 Nxf2 20. Kxf2 Bc7 21. Qe1 Qd6
22. Rg1 Qf4 23. g6 Rxh4 24. gxf7+ Kxf7 25. Rg2 Rh2 0-1

[Event "España ch sub-14 2012"]
[Site "Salobreña ESP"]
[Date "2012.07.13"]
[Round "8.6"]
[White "Ortega Lopez, Mikel"]
[Black "Bru Rullo, Llatzer"]
[Result "0-1"]
[WhiteElo "1897"]
[BlackElo "2051"]
[PlyCount "52"]
[EventDate "2012.07.09"]
[EventType "swiss"]
[EventRounds "9"]
[EventCountry "ESP"]
[Source "lmi"]
[SourceDate "2012.07.09"]

1. e4 e5 2. Nf3 Nc6 3. Bb5 a6 4. Ba4 Nf6 5. O-O Be7 6. Re1 b5 7. Bb3 d6 8. c3
O-O 9. h3 Na5 10. Bc2 c5 11. d4 Qc7 12. Nbd2 cxd4 13. cxd4 Nc6 14. Nf1 Nxd4 15.
Nxd4 exd4 16. Bb3 Qb6 17. Nh2 Nd7 18. Nf3 Bf6 19. Bg5 Bb7 20. Bxf6 Nxf6 21. Bc2
Rfe8 22. Nd2 d5 23. exd5 Rxe1+ 24. Qxe1 Re8 25. Qd1 Nxd5 26. Nb3 Nf4 0-1

[Event "España ch sub-14 2012"]
[Site "Salobreña ESP"]
[Date "2012.07.13"]
[Round "8.7"]
[White "Jane Besora, Jordi"]
[Black "Ponce Cano, Adrian"]
[Result "0-1"]
[WhiteElo "1814"]
[BlackElo "1995"]
[PlyCount "78"]
[EventDate "2012.07.09"]
[EventType "swiss"]
[EventRounds "9"]
[EventCountry "ESP"]
[Source "lmi"]
[SourceDate "2012.07.09"]

1. d4 d5 2. Bg5 c5 3. e3 h6 4. Bh4 Qb6 5. b3 Nc6 6. c3 cxd4 7. exd4 Bd7 8. Nf3
e6 9. Bd3 f5 10. Bg3 O-O-O 11. Ne5 Nxe5 12. Bxe5 Ne7 13. a4 Nc6 14. Bg3 g5 15.
f3 e5 16. O-O e4 17. Be2 f4 18. Be1 Bg7 19. Kh1 h5 20. b4 Qc7 21. Na3 g4 22.
fxe4 dxe4 23. d5 Ne5 24. d6 Qb8 25. Qd5 f3 26. gxf3 exf3 27. Bb5 h4 28. Qc5+
Nc6 29. Bxc6 Bxc6 30. b5 g3 31. Kg1 f2+ 32. Bxf2 gxh2+ 33. Kxh2 Rxd6 34. Qxa7
Be5+ 35. Kh3 Rd3+ 36. Kg4 Bd7+ 37. Kg5 Rg8+ 38. Kh5 Bg4+ 39. Kh6 Qd6+ 0-1

[Event "España ch sub-14 2012"]
[Site "Salobreña ESP"]
[Date "2012.07.13"]
[Round "8.8"]
[White "Cortes Cabeza, Cameron"]
[Black "Medina Masdeu, Rasen"]
[Result "1/2-1/2"]
[WhiteElo "1633"]
[BlackElo "1923"]
[PlyCount "107"]
[EventDate "2012.07.09"]
[EventType "swiss"]
[EventRounds "9"]
[EventCountry "ESP"]
[Source "lmi"]
[SourceDate "2012.07.09"]

1. e4 c6 2. Nf3 d5 3. exd5 cxd5 4. d4 Nf6 5. c3 Nc6 6. Bf4 Bg4 7. Nbd2 e6 8. h3
Bf5 9. Be2 Bd6 10. Bxd6 Qxd6 11. a4 O-O 12. O-O Rfc8 13. Rc1 Rc7 14. Nh4 Be4
15. f3 Bg6 16. Nxg6 hxg6 17. Bb5 Ne7 18. Bd3 Rac8 19. f4 Nf5 20. Bxf5 exf5 21.
Qf3 Ne4 22. Qd3 Qb6 23. Nxe4 fxe4 24. Qe2 f5 25. Rf2 Rc6 26. Qe3 Qb3 27. Ra1
Ra6 28. Qg3 Kf7 29. Ra3 Qc4 30. Rc2 Qc7 31. c4 dxc4 32. Rac3 Rxa4 33. b3 Ra1+
34. Kh2 Qd6 35. Rxc4 Rxc4 36. Rxc4 Rd1 37. Qf2 b5 38. Rc8 Qxd4 39. Qxd4 Rxd4
40. Rc7+ Ke6 41. Rxa7 Rb4 42. Rxg7 Kf6 43. Rc7 Rxb3 44. Rc6+ Kg7 45. Rc7+ Kh6
46. Re7 Rb2 47. Kg1 Rb1+ 48. Kf2 b4 49. g4 fxg4 50. hxg4 g5 51. fxg5+ Kxg5 52.
Rxe4 b3 53. Rb4 b2 54. Kg2 1/2-1/2

[Event "España ch sub-14 2012"]
[Site "Salobreña ESP"]
[Date "2012.07.13"]
[Round "8.9"]
[White "Serra Canals, Oriol"]
[Black "Fernandez Gil, Ruben Carlos"]
[Result "0-1"]
[WhiteElo "1775"]
[BlackElo "1899"]
[PlyCount "90"]
[EventDate "2012.07.09"]
[EventType "swiss"]
[EventRounds "9"]
[EventCountry "ESP"]
[Source "lmi"]
[SourceDate "2012.07.09"]

1. d4 Nf6 2. c4 e6 3. Nf3 c5 4. d5 d6 5. Nc3 exd5 6. cxd5 g6 7. g3 Bg7 8. Bg2
O-O 9. O-O a6 10. a4 Nbd7 11. h3 Re8 12. Re1 Rb8 13. Bf4 Qc7 14. Qc2 b5 15.
axb5 axb5 16. Nd2 Nh5 17. Be3 Nxg3 18. Bf4 Nf5 19. Nce4 Ne5 20. e3 Nh4 21. Qb3
Qd7 22. Bg3 Nxg2 23. Kxg2 Qxh3+ 24. Kg1 Bg4 25. f4 Nf3+ 26. Kf2 Nxe1 27. Rxe1
Bf5 28. Nxd6 Red8 29. Nxf5 Qxf5 30. e4 Bd4+ 31. Kg2 Qg4 32. Nf3 h5 33. Nxd4
cxd4 34. Kf2 Qh3 35. f5 h4 36. Rg1 hxg3+ 37. Rxg3 Qh2+ 38. Kf3 Qh5+ 39. Kf2
Qh2+ 40. Kf3 Qh1+ 41. Kf4 Qf1+ 42. Kg4 Re8 43. fxg6 Rxe4+ 44. Kh5 Qf5+ 45. Rg5
fxg6+ 0-1

[Event "España ch sub-14 2012"]
[Site "Salobreña ESP"]
[Date "2012.07.13"]
[Round "8.10"]
[White "Ventura Bolet, Alexandre"]
[Black "Rodriguez Manzaneda, Irene"]
[Result "1/2-1/2"]
[WhiteElo "1925"]
[BlackElo "1686"]
[PlyCount "72"]
[EventDate "2012.07.09"]
[EventType "swiss"]
[EventRounds "9"]
[EventCountry "ESP"]
[Source "lmi"]
[SourceDate "2012.07.09"]

1. e4 c5 2. Nf3 Nc6 3. d4 cxd4 4. Nxd4 Nf6 5. Nc3 e5 6. Ndb5 d6 7. Nd5 Nxd5 8.
exd5 Nb8 9. a4 a6 10. Na3 Nd7 11. Be2 Be7 12. O-O O-O 13. Kh1 f5 14. f4 b6 15.
a5 b5 16. c4 bxc4 17. Nxc4 exf4 18. Bxf4 Nc5 19. Rc1 Ne4 20. Nb6 Rb8 21. Qc2
Bb7 22. Qc7 Qxc7 23. Rxc7 Bd8 24. Rd7 Bxb6 25. axb6 Bc8 26. Rxd6 Nxd6 27. Bxd6
Rxb6 28. Bxf8 Kxf8 29. g4 Rxb2 30. Bd3 Ke7 31. Bxf5 Bxf5 32. Rxf5 a5 33. d6+
Kxd6 34. Rxa5 Ke6 35. h3 Kf6 36. Rf5+ Kg6 1/2-1/2

[Event "España ch sub-14 2012"]
[Site "Salobreña ESP"]
[Date "2012.07.13"]
[Round "8.11"]
[White "Alfaya Marcelo, Roberto"]
[Black "Balbuena Fuentes, Mario"]
[Result "0-1"]
[WhiteElo "1743"]
[BlackElo "1899"]
[PlyCount "66"]
[EventDate "2012.07.09"]
[EventType "swiss"]
[EventRounds "9"]
[EventCountry "ESP"]
[Source "lmi"]
[SourceDate "2012.07.09"]

1. e4 e6 2. d4 d5 3. e5 c5 4. c3 Nc6 5. Nf3 Qb6 6. a3 Nh6 7. b4 cxd4 8. cxd4
Nf5 9. Be3 f6 10. exf6 gxf6 11. Bd3 Nxe3 12. fxe3 Bh6 13. Qe2 O-O 14. Nc3 Bd7
15. Nd2 f5 16. Na4 Qd8 17. Nc5 b6 18. Nxd7 Qxd7 19. O-O Qd6 20. Nb3 Rf6 21. Rf3
Rg6 22. Raf1 Kh8 23. R1f2 Rag8 24. Rh3 Nd8 25. Qe1 Nf7 26. Rc2 Rg4 27. Rf3 Bg5
28. Bf1 Bh4 29. g3 Ng5 30. Rff2 Bxg3 31. hxg3 Qxg3+ 32. Bg2 Nf3+ 33. Rxf3 Qxe1+
0-1

[Event "España ch sub-14 2012"]
[Site "Salobreña ESP"]
[Date "2012.07.13"]
[Round "8.12"]
[White "Pruja Ramirez De C, Eduard"]
[Black "Salagran Ferragut, Guillem"]
[Result "0-1"]
[WhiteElo "1728"]
[BlackElo "1899"]
[PlyCount "60"]
[EventDate "2012.07.09"]
[EventType "swiss"]
[EventRounds "9"]
[EventCountry "ESP"]
[Source "lmi"]
[SourceDate "2012.07.09"]

1. e4 c5 2. Nc3 a6 3. f4 e6 4. Nf3 b5 5. d3 Bb7 6. g3 Nf6 7. Bg2 Be7 8. O-O O-O
9. h3 Qc7 10. g4 d5 11. e5 Nfd7 12. Ne2 Nc6 13. c3 a5 14. Be3 Ba6 15. d4 b4 16.
f5 bxc3 17. bxc3 cxd4 18. cxd4 Nb6 19. Rf2 Nc4 20. Bg5 h6 21. Bxe7 Qxe7 22. Nd2
Qa7 23. Nb3 Rac8 24. a4 Nb2 25. Qd2 Nd3 26. Rf3 Ndxe5 27. Rc3 Bxe2 28. Qxe2
Nxd4 29. Nxd4 Qxd4+ 30. Re3 Qxa1+ 0-1

[Event "España ch sub-14 2012"]
[Site "Salobreña ESP"]
[Date "2012.07.13"]
[Round "8.13"]
[White "Villemur Tamarit, Juan"]
[Black "Aguila Hernandez, Eduardo"]
[Result "0-1"]
[WhiteElo "1741"]
[BlackElo "1893"]
[PlyCount "98"]
[EventDate "2012.07.09"]
[EventType "swiss"]
[EventRounds "9"]
[EventCountry "ESP"]
[Source "lmi"]
[SourceDate "2012.07.09"]

1. d4 Nf6 2. Nf3 c5 3. c3 e6 4. Bf4 Qb6 5. Qc2 Nc6 6. e3 Be7 7. Nbd2 d5 8. Be2
O-O 9. h3 Bd7 10. O-O Rac8 11. Rac1 cxd4 12. exd4 Nh5 13. Bh2 f5 14. Ne5 Nf6
15. Ndf3 Rfd8 16. Rfd1 Ne4 17. Qb1 Nxe5 18. Nxe5 Ba4 19. Rd3 Bb5 20. Re3 Bg5
21. f4 Bh4 22. Nd3 Qd6 23. g3 Bf6 24. Bf3 Qa6 25. Rd1 Bxd3 26. Rexd3 b5 27. a3
Qc6 28. Qc2 Qc4 29. Qe2 a5 30. Re3 Qa4 31. Bxe4 dxe4 32. Qd2 b4 33. axb4 axb4
34. Kh1 Rc4 35. Ree1 Qc6 36. Rc1 Rc8 37. Red1 Bxd4 38. Rc2 bxc3 39. bxc3 Rxc3
40. Rxc3 Bxc3 41. Qc2 Bb4 42. Rd8+ Kf7 43. Rxc8 Qa6 44. Rc4 Ba5 45. Qe2 Qb7 46.
Qe3 Qd5 47. Qd4 Qb7 48. Qe3 Qb5 49. Rc1 Bb6 0-1

[Event "España ch sub-14 2012"]
[Site "Salobreña ESP"]
[Date "2012.07.13"]
[Round "8.14"]
[White "De La Calle Fuentes, Sergio"]
[Black "Domingo Nunez, Ruben"]
[Result "1/2-1/2"]
[WhiteElo "1724"]
[BlackElo "1887"]
[PlyCount "58"]
[EventDate "2012.07.09"]
[EventType "swiss"]
[EventRounds "9"]
[EventCountry "ESP"]
[Source "lmi"]
[SourceDate "2012.07.09"]

1. e4 e6 2. d4 d5 3. Nc3 Bb4 4. e5 c5 5. Bd2 Bxc3 6. Bxc3 cxd4 7. Qxd4 Ne7 8.
f4 Nbc6 9. Qf2 Bd7 10. Nf3 Qc7 11. Bd3 a6 12. Bd2 g6 13. a3 Na5 14. Bb4 Nac6
15. Bd6 Qd8 16. c4 Nc8 17. c5 Nxd6 18. cxd6 Qa5+ 19. Qd2 Qb6 20. g4 Nd4 21.
Nxd4 Qxd4 22. Rc1 Bc6 23. h4 Kd7 24. Rf1 f6 25. Qc3 Qxc3+ 26. Rxc3 fxe5 27.
fxe5 Rhf8 28. Rc2 h5 29. g5 Rf5 1/2-1/2